000 00370 a2200157 4500
001 150898
040 _cEscola São Tomás de Aquino
100 _aHOHLFELDT, ANTONIO
240 1 0 _aO velhinho que virou criança
_lpor
245 1 0 _aO velhinho que virou criança
300 _a44
362 0 _a2006
440 1 _aMercurio Jovem
697 _aPsicologia
942 _cBK
999 _c150898
_d150898